000 00333nam a22001337a 4500
020 _a9788131518120
040 _cNUST
082 _a629.8 MAN
100 _aManik, N. Dhanesh
_9112031
245 _aControl Systems
260 _aNew Dehli;
_bCengage Learning Pvt. Ltd.
_c2012.
650 _aControl Systems
_963530
942 _2ddc
_cBK
999 _c594608
_d594608